=LDR 00000nam 2200000 4500 =001 NUTBA000000000002048 =005 20200804091641 =035 ##$$a 0010-051400000000513 =008 200804################g##########0#ind## =020 ##$$a 979-518-901-8 =082 ##$$a 2X1.3 =100 ##$$a Gojali, Nanang =245 1#$$a Manusia pendidikan dan sains : $b dalam perspektif tafsir hermeneutik /$c Drs. Nanang Gojali, M.Ag =250 ##$$a cet.1 =260 ##$$a Jakarta :$b Rineka Cipta,$c 2004 =300 ##$$a 193 hlm., : $b Ilus. ; $c 20 x 14 cm. =084 ##$$a 2X1.3 GOJ m =650 #4$$a Al-Qur'an =504 ##$$a Bibliografi : hlm, 191-193 hlm =990 ##$$a 21004374 =990 ##$$a 21004376 =990 ##$$a 10606810 =990 ##$$a 20609599 =990 ##$$a 21004375 =990 ##$$a 10606813 =990 ##$$a 20609597 =990 ##$$a 10606811 =990 ##$$a 00093635 =990 ##$$a 10606810 =990 ##$$a 21004374 =990 ##$$a 21004376 =990 ##$$a 20609599 =990 ##$$a 21004375 =990 ##$$a 10606813 =990 ##$$a 20609597 =990 ##$$a 10606811 =990 ##$$a 00093635